[Event "WC-2016-Q-00005"]
[Site "LSS email"]
[Date "2013.10.22"]
[Round "?"]
[White "Baroin, Bernard"]
[Black "Nemchenko, Valery Petrovich"]
[Result "0-1"]
[WhiteElo "2038"]
[BlackElo "2327"]
[PlyCount "104"]
[EventDate "2013.10.27"]
[EventType "tourn (corr)"]
[EventRounds "12"]
[EventCountry "GER"]
[SourceTitle "Corr 2015"]
[Source "ChessBase"]
[SourceDate "2015.07.17"]
[SourceVersion "1"]
[SourceVersionDate "2015.07.17"]
[SourceQuality "1"]

1. e4 e5 2. Nf3 Nc6 3. Bb5 a6 4. Bxc6 dxc6 5. 0-0 f6 6. d4 exd4 7. Nxd4 c5 8. Nb3 Qxd1 9. Rxd1 Bg4 10. f3 Be6 11. Bf4 c4 12. Nd4 0-0-0 13. Nc3 Bf7 14. Nf5 Rxd1+ 15. Rxd1 g6 16. Ne3 Bc5 17. Kf2 Ne7 18. Ke2 f5 19. Kf1 b5 20. exf5 Nxf5 21. Nxf5 gxf5 22. Ne2 b4 23. c3 a5 24. Bg5 Rg8 25. Bf6 Re8 26. Ng3 f4 27. Ne4 Be3 28. Re1 Re6 29. Bh4 Rb6 30. Bf2 Bxf2 31. Kxf2 bxc3 32. bxc3 a4 33. g3 Rb2+ 34. Re2 fxg3+ 35. hxg3 a3 36. Ke3 h5 37. Rf2 Bg6 38. Rd2 Bh7 39. Rd5 Rxa2 40. Rxh5 Ra1 41. Rh2 a2 42. Re2 Kb7 43. Kf4 Ka6 44. Ng5 Bg8 45. Ne4 Ka5 46. g4 Ka4 47. g5 Bh7 48. Nc5+ Ka3 49. Re6 Rg1 50. Ra6+ Kb2 51. g6 Rxg6 52. Ra4 a1Q 0-1

[Event "WC-2015-Q-00021"]
[Site "LSS email"]
[Date "2012.09.11"]
[Round "?"]
[White "Muhl, Patrick"]
[Black "Nemchenko, Valery Petrovich"]
[Result "1/2-1/2"]
[WhiteElo "2354"]
[BlackElo "2295"]
[PlyCount "66"]
[EventDate "2012.09.17"]
[EventType "tourn (corr)"]
[EventRounds "10"]
[EventCountry "GER"]
[SourceTitle "Telechess CBM 161"]
[Source "ChessBase"]
[SourceDate "2014.07.16"]
[SourceVersion "1"]
[SourceVersionDate "2014.07.16"]
[SourceQuality "1"]

1. d4 Nf6 2. c4 g6 3. Nc3 Bg7 4. e4 d6 5. Nf3 0-0 6. Be2 e5 7. 0-0 Nc6 8. d5 Ne7 9. b4 Nh5 10. Re1 f5 11. Ng5 Nf6 12. f3 Kh8 13. Rb1 h6 14. Ne6 Bxe6 15. dxe6 fxe4 16. fxe4 Nc6 17. Nd5 Ng8 18. Bd3 Nd4 19. Qg4 g5 20. h4 Nf6 21. Qg3 Nxe6 22. hxg5 Nh5 23. Qh2 Nhf4 24. gxh6 Bf6 25. Bxf4 Nxf4 26. Re3 Bg5 27. Rf3 Nxd5 28. exd5 Rxf3 29. gxf3 Qf6 30. Be4 Bxh6 31. c5 Rg8+ 32. Kf2 Qg5 33. Rh1 Qe3+ 1/2-1/2

[Event "WC-2015-Q-00021"]
[Site "LSS email"]
[Date "2012.09.11"]
[Round "?"]
[White "Nemchenko, Valery Petrovich"]
[Black "Czegledi, Laszlo"]
[Result "1-0"]
[WhiteElo "2295"]
[BlackElo "2226"]
[PlyCount "63"]
[EventDate "2012.09.17"]
[EventType "tourn (corr)"]
[EventRounds "10"]
[EventCountry "GER"]
[SourceTitle "Telechess CBM 161"]
[Source "ChessBase"]
[SourceDate "2014.07.16"]
[SourceVersion "1"]
[SourceVersionDate "2014.07.16"]
[SourceQuality "1"]

1. e4 e6 2. d4 d5 3. Nc3 Nf6 4. Bg5 dxe4 5. Nxe4 Be7 6. Bxf6 gxf6 7. Nf3 f5 8. Nc3 a6 9. g3 b5 10. Bg2 Bb7 11. 0-0 0-0 12. Ne5 Bxg2 13. Kxg2 Qd6 14. Qf3 Ra7 15. Rfe1 Qxd4 16. Rad1 Qc5 17. g4 Bd6 18. b4 Qxb4 19. gxf5 Qh4 20. Re4 Qf6 21. Ng4 Qg7 22. Kh1 Kh8 23. Rg1 Nd7 24. Qh3 Rg8 25. Ree1 Bf4 26. Ne4 Raa8 27. Ngf6 Qh6 28. Rxg8+ Rxg8 29. Qxh6 Bxh6 30. fxe6 fxe6 31. Nxd7 Bf4 32. Nef6 1-0

[Event "WC-2015-Q-00021"]
[Site "LSS email"]
[Date "2012.09.11"]
[Round "?"]
[White "Ramponelli, Roberto"]
[Black "Nemchenko, Valery Petrovich"]
[Result "1/2-1/2"]
[WhiteElo "2116"]
[BlackElo "2295"]
[PlyCount "106"]
[EventDate "2012.09.17"]
[EventType "tourn (corr)"]
[EventRounds "10"]
[EventCountry "GER"]
[SourceTitle "Telechess CBM 161"]
[Source "ChessBase"]
[SourceDate "2014.07.16"]
[SourceVersion "1"]
[SourceVersionDate "2014.07.16"]
[SourceQuality "1"]

1. Nf3 d5 2. c4 c6 3. b3 Nf6 4. Bb2 Bf5 5. g3 e6 6. Bg2 h6 7. 0-0 Nbd7 8. d3 Bc5 9. Nbd2 0-0 10. Qc2 Qb6 11. e4 Bh7 12. Rac1 Rac8 13. a3 a5 14. Qc3 e5 15. Bh3 d4 16. Qc2 Rfe8 17. Nh4 Bf8 18. f4 Rcd8 19. Kh1 c5 20. Rce1 Bd6 21. Bc1 Qc7 22. fxe5 Nxe5 23. Nf5 Nfg4 24. Nxd6 Qxd6 25. Nf3 Qc6 26. Nxe5 Nxe5 27. Kg1 g5 28. a4 Rd6 29. Ba3 Kg7 30. Qd2 Bg6 31. Qe2 b6 32. Rf2 Rf6 33. Rxf6 Qxf6 34. Rf1 Qe7 35. Bc1 Rh8 36. Bd2 h5 37. Bf5 g4 38. Rf4 Nf3+ 39. Kg2 Ng5 40. Bc1 Qb7 41. h4 Nf3 42. Qd1 Qc6 43. Kf2 Re8 44. Qc2 Re5 45. Rxf3 gxf3 46. Bf4 Re8 47. Bh3 f6 48. Qd1 f5 49. e5 Bh7 50. Qxf3 Qxf3+ 51. Kxf3 Kg6 52. Kf2 Kf7 53. Bg2 Bg8 1/2-1/2